000 00283nam a22001337a 4500
020 _a978-93-81686-51-1
082 _a158
_bKHE/Y
100 _aKHERA, SHIV
245 _aYOU CAN SELL
260 _aCHENNAI
_bWESTLAND
_c2012
300 _a312
650 _aSELF HELP
_zINDIA
942 _cBK
999 _c8114
_d8114